The economic future of Europe
Uloženo v:
| Médium: | Kniha |
|---|---|
| Jazyk: | Undetermined |
| Vydáno: |
London
Andre Deutsch
1954
|
| Témata: | |
| Tagy: |
Přidat tag
Žádné tagy, Buďte první, kdo otaguje tento záznam!
|
| Thư viện lưu trữ: | Trung tâm Học liệu Trường Đại học Cần Thơ |
|---|
| LEADER | 00369nam a2200145Ia 4500 | ||
|---|---|---|---|
| 001 | CTU_84867 | ||
| 008 | 210402s9999 xx 000 0 und d | ||
| 082 | |a 330 | ||
| 082 | |b E19 | ||
| 245 | 4 | |a The economic future of Europe | |
| 260 | |a London | ||
| 260 | |b Andre Deutsch | ||
| 260 | |c 1954 | ||
| 650 | |a economic | ||
| 980 | |a Trung tâm Học liệu Trường Đại học Cần Thơ | ||